Normal view
MARC view
- عبد الحميد ، محمد سامى
Entry Personal Name
001 - CONTROL NUMBER
- control field: 31264
003 - CONTROL NUMBER IDENTIFIER
- control field: JO-AjAnu
005 - DATE AND TIME OF LATEST TRANSACTION
- control field: 20230606075251.0
008 - FIXED-LENGTH DATA ELEMENTS
- fixed length control field: 230606|| aca||aabn | a|a d
040 ## - CATALOGING SOURCE
- Original cataloging agency: JO-AjAnu
- Transcribing agency: JO-AjAnu
100 ## - HEADING--PERSONAL NAME
- Personal name: عبد الحميد ، محمد سامى
670 ## - SOURCE DATA FOUND
- Source citation: Work cat.: (JO-AjAnu)16055: عبد الحميد ، محمد سامى , author, قانون المنظمات الدولية : الجزء الاول - الأمم المتحدة